[Event "I Festival A"]
[Site "Assisi ITA"]
[Date "2003.12.20"]
[Round "1"]
[White "Aleksic, Nenad"]
[Black "Scipioni, Gaetano"]
[Result "1-0"]
[WhiteElo "2391"]
[BlackElo "2046"]
[PlyCount "35"]
[EventDate "2003.12.20"]

1. e4 d6 2. d4 Nf6 3. Nc3 c6 4. a4 Nbd7 5. Nf3 e5 6. Bc4 Be7 7. O-O O-O 8. Re1
Qc7 9. Ba2 a5 10. h3 b6 11. Bg5 Ba6 12. dxe5 dxe5 13. Nh4 h6 14. Nf5 Bb4 15.
Bxh6 gxh6 16. Qc1 Ne8 17. Qxh6 Bc5 18. Re3 1-0

[Event "I Festival A"]
[Site "Assisi ITA"]
[Date "2003.12.20"]
[Round "1"]
[White "Bighiu, Gheorghe"]
[Black "Korneev, Oleg"]
[Result "0-1"]
[WhiteElo "2112"]
[BlackElo "2559"]
[PlyCount "112"]
[EventDate "2003.12.20"]

1. h3 d5 2. d4 Nf6 3. Nf3 c5 4. c3 e6 5. Bf4 Nc6 6. e3 Qb6 7. Qb3 Be7 8. Nbd2
Bd7 9. Be2 O-O 10. O-O Rfc8 11. Ne5 Nxe5 12. Bxe5 Qxb3 13. axb3 a5 14. c4 cxd4
15. Bxd4 Bc6 16. Bc3 b6 17. Bd3 Ne4 18. Nxe4 dxe4 19. Be2 f6 20. Bd4 Rab8 21.
Bc3 Kf7 22. Rfd1 e5 23. Rd2 Rd8 24. Rad1 Rxd2 25. Rxd2 Bc5 26. Kf1 Ke6 27. Rd1
f5 28. Bd2 Rf8 29. g3 g5 30. Kg1 Ke7 31. Re1 Kf6 32. Bd1 Kg6 33. Bc2 h5 34. Bc3
Re8 35. Bd2 h4 36. gxh4 gxh4 37. Kh2 Kf6 38. Bc3 Rd8 39. Rd1 Rf8 40. Re1 Ke6
41. Bd2 f4 42. Rg1 Rf6 43. Rg4 Bb4 44. Bxb4 axb4 45. Bd1 Kd6 46. Rxh4 fxe3 47.
fxe3 Rf1 48. Rh6+ Kc5 49. Bh5 Re1 50. Re6 Rxe3 51. Rxe5+ Kd6 52. Rg5 Rxb3 53.
Rg2 Ke5 54. Rd2 e3 55. Re2 Kf4 56. Bg6 Kf3 0-1

[Event "I Festival A"]
[Site "Assisi ITA"]
[Date "2003.12.20"]
[Round "1"]
[White "Bonghi, Alessandro"]
[Black "Esposito, Luca"]
[Result "0-1"]
[WhiteElo "1830"]
[BlackElo "2202"]
[PlyCount "112"]
[EventDate "2003.12.20"]

1. e4 c5 2. Nf3 d6 3. Bb5+ Bd7 4. Bxd7+ Qxd7 5. c4 Nc6 6. O-O Nf6 7. Nc3 e6 8.
d4 cxd4 9. Nxd4 Be7 10. Be3 O-O 11. Qe2 Rac8 12. Rfd1 Qc7 13. Ndb5 Qb8 14. Rac1
Rfd8 15. f3 b6 16. b3 Rd7 17. Nd4 Ne8 18. Nxc6 Rxc6 19. Rc2 Rc8 20. Rcd2 Rb7
21. Rd3 a6 22. a4 Bf6 23. Bd4 Bxd4+ 24. Rxd4 Qc7 25. Qb2 Qc5 26. Kh1 Qe5 27.
Qd2 Qc5 28. Qb2 h6 29. g3 Rd7 30. Kg2 Qc6 31. Qa3 Rcd8 32. R4d3 Nf6 33. Qb2 Qc5
34. Qd2 Qb4 35. Nb1 Qc5 36. Nc3 Kf8 37. Qb2 Ke7 38. Qf2 Qc6 39. Qe3 Kf8 40. Qf2
g5 41. Qe3 Qc5 42. Kf2 Ke7 43. Kg2 Qb4 44. Qd2 Qc5 45. Qe3 Qxe3 46. Rxe3 Rc7
47. Red3 Rdd7 48. Kf2 Rc6 49. Ke3 Rb7 50. R1d2 Nd7 51. Rb2 Ne5 52. Rd1 Rxc4 53.
bxc4 Nxc4+ 54. Kd4 Nxb2 55. Rb1 e5+ 56. Kd5 Rc7 0-1

[Event "I Festival A"]
[Site "Assisi ITA"]
[Date "2003.12.20"]
[Round "1"]
[White "Bonugli, Carlo"]
[Black "Starostits, Ilmars"]
[Result "1-0"]
[WhiteElo "2047"]
[BlackElo "2431"]
[PlyCount "74"]
[EventDate "2003.12.20"]

1. e4 c5 2. Nc3 Nc6 3. g3 g6 4. Bg2 Bg7 5. d3 e6 6. Be3 Nd4 7. Nce2 d6 8. c3
Nc6 9. d4 cxd4 10. Nxd4 a6 11. Qd2 Nge7 12. Ngf3 O-O 13. Bh6 f5 14. Bxg7 Kxg7
15. O-O-O Na5 16. Ng5 Rf6 17. e5 h6 18. exf6+ Kxf6 19. Ngf3 e5 20. Nb3 Nc4 21.
Qxh6 Be6 22. Qg5+ Kf7 23. Nfd2 Nb6 24. h4 a5 25. h5 a4 26. hxg6+ Ke8 27. Rh8+
Bg8 28. Qf6 Qc7 29. Ne4 fxe4 30. Rxd6 Qc4 31. Re6 Nbd5 32. Rxg8+ Kd7 33. Rxe7+
Nxe7 34. Rxa8 axb3 35. axb3 Qe2 36. Bh3+ Kc7 37. Qxe7+ Kb6 1-0

[Event "I Festival A"]
[Site "Assisi ITA"]
[Date "2003.12.20"]
[Round "1"]
[White "Brancaleoni, Maurizio"]
[Black "Gambardella, Piero"]
[Result "1-0"]
[WhiteElo "2313"]
[BlackElo "2008"]
[PlyCount "67"]
[EventDate "2003.12.20"]

1. d4 Nf6 2. c4 e6 3. g3 Bb4+ 4. Bd2 a5 5. Bg2 Nc6 6. Nf3 d6 7. O-O Bxd2 8.
Qxd2 O-O 9. Nc3 e5 10. Rfd1 e4 11. Ng5 e3 12. Qxe3 Ng4 13. Qf4 h6 14. Nf3 g5
15. Qd2 f5 16. Nd5 f4 17. gxf4 gxf4 18. h3 Nf6 19. Qd3 Qe8 20. Nh4 Nb4 21. Qg6+
Qxg6 22. Ne7+ Kf7 23. Nexg6 f3 24. Nxf8 fxg2 25. Nfg6 Bxh3 26. Nf4 Bd7 27.
Nhxg2 Rg8 28. a3 Nc6 29. f3 a4 30. Rac1 Na5 31. Kf2 Nb3 32. Rc3 b6 33. e4 Re8
34. Re3 1-0

[Event "I Festival A"]
[Site "Assisi ITA"]
[Date "2003.12.20"]
[Round "1"]
[White "Di Caro, Calogero"]
[Black "Rombaldoni, Axel"]
[Result "1-0"]
[WhiteElo "2221"]
[BlackElo "1894"]
[PlyCount "45"]
[EventDate "2003.12.20"]

1. Nf3 d5 2. g3 Nc6 3. c4 d4 4. Bg2 e5 5. d3 f5 6. O-O Nf6 7. b4 e4 8. dxe4
fxe4 9. Ng5 Bf5 10. b5 Ne5 11. Nd2 Bb4 12. Ngxe4 Nxe4 13. Nxe4 Bxe4 14. Bxe4
Bc3 15. Rb1 O-O 16. Bxb7 Rb8 17. Bg2 Qf6 18. Ba3 Rfe8 19. Bc5 Nd7 20. Bxa7 Ra8
21. Bxa8 Rxa8 22. Bxd4 Bxd4 23. e3 1-0

[Event "I Festival A"]
[Site "Assisi ITA"]
[Date "2003.12.20"]
[Round "1"]
[White "Lapenna, Antonio"]
[Black "Drazic, Sinisa"]
[Result "0-1"]
[WhiteElo "2072"]
[BlackElo "2467"]
[PlyCount "42"]
[EventDate "2003.12.20"]

1. e4 e6 2. d4 d5 3. Nc3 Bb4 4. e5 Ne7 5. a3 Bxc3+ 6. bxc3 c5 7. Qg4 Qa5 8. Ne2
O-O 9. Bh6 Nf5 10. Bd2 Qa4 11. Kd1 Nc6 12. Qf4 f6 13. exf6 Rxf6 14. Qc7 Rf7 15.
Qf4 cxd4 16. cxd4 Nfxd4 17. Qh4 Qxc2+ 18. Ke1 Nf5 19. Qh5 g6 20. Qg5 Ne5 21. h4
Nd3# 0-1

[Event "I Festival A"]
[Site "Assisi ITA"]
[Date "2003.12.20"]
[Round "1"]
[White "Lazarev, Vladimir"]
[Black "Farachi, Francesco"]
[Result "1-0"]
[WhiteElo "2526"]
[BlackElo "2094"]
[PlyCount "51"]
[EventDate "2003.12.20"]

1. d4 Nf6 2. c4 d6 3. Nc3 g6 4. e4 Bg7 5. h3 O-O 6. Bg5 Nbd7 7. Nf3 h6 8. Be3
e5 9. d5 a5 10. Nd2 Ne8 11. g4 Nc5 12. h4 f5 13. gxf5 gxf5 14. exf5 Bxf5 15.
Qh5 Qf6 16. Rg1 Kh7 17. Bxc5 dxc5 18. Nde4 Bxe4 19. Nxe4 Qf5 20. Qxf5+ Rxf5 21.
Nxc5 Nd6 22. Ne6 Bf6 23. c5 e4 24. cxd6 Rxd5 25. dxc7 Bxb2 26. Rd1 1-0

[Event "I Festival A"]
[Site "Assisi ITA"]
[Date "2003.12.20"]
[Round "1"]
[White "Machi', Fabio"]
[Black "Caruso, Augusto"]
[Result "1/2-1/2"]
[WhiteElo "1951"]
[BlackElo "2247"]
[PlyCount "35"]
[EventDate "2003.12.20"]

1. d4 e6 2. Nf3 f5 3. c4 Nf6 4. Nc3 d6 5. g3 Be7 6. Bg2 O-O 7. O-O Qe8 8. Qb3
Kh8 9. Bf4 Na6 10. a3 Qh5 11. Qc2 Nd7 12. b4 Bf6 13. Rad1 e5 14. dxe5 dxe5 15.
Bc1 c6 16. Bb2 Nc7 17. Na4 Ne6 18. Rd6 1/2-1/2

[Event "I Festival A"]
[Site "Assisi ITA"]
[Date "2003.12.20"]
[Round "1"]
[White "Maddaloni, Giovanni"]
[Black "Rombaldoni, Denis"]
[Result "0-1"]
[WhiteElo "1670"]
[BlackElo "2131"]
[PlyCount "60"]
[EventDate "2003.12.20"]

1. e4 c6 2. Nc3 d5 3. Nf3 dxe4 4. Nxe4 Nf6 5. Ng3 h5 6. h4 Bg4 7. Be2 Qc7 8. d4
Nbd7 9. Bg5 e6 10. Qd2 Bd6 11. O-O-O Nb6 12. Kb1 Nbd5 13. Ne5 Bf5 14. Nxf5 exf5
15. Bf3 Ne4 16. Bxe4 fxe4 17. Rhe1 O-O 18. Rxe4 f6 19. Qe2 fxe5 20. dxe5 Be7
21. Qxh5 Rxf2 22. Qg6 Qb6 23. Kc1 Qc5 24. Red4 Raf8 25. Bf6 Bxf6 26. exf6 R8xf6
27. Qe4 Qd6 28. Kb1 Rf1 29. c4 Rxd1+ 30. Rxd1 Nc3+ 0-1

[Event "I Festival A"]
[Site "Assisi ITA"]
[Date "2003.12.20"]
[Round "1"]
[White "Malek, Dellair"]
[Black "Stein, Wolgang"]
[Result "1/2-1/2"]
[WhiteElo "2130"]
[BlackElo "1634"]
[PlyCount "28"]
[EventDate "2003.12.20"]

1. e4 e5 2. Nf3 f5 3. Nc3 fxe4 4. Nxe4 d5 5. Nc3 Bg4 6. Qe2 Nc6 7. Qb5 Bxf3 8.
gxf3 Nge7 9. a3 Rb8 10. Bd3 a6 11. Qa4 Qc8 12. Ne2 b5 13. Qh4 Qe6 14. c3 g6
1/2-1/2

[Event "I Festival A"]
[Site "Assisi ITA"]
[Date "2003.12.20"]
[Round "1"]
[White "Meijers, Viesturs"]
[Black "Frigieri, Fabrizio"]
[Result "1-0"]
[WhiteElo "2499"]
[BlackElo "2082"]
[PlyCount "71"]
[EventDate "2003.12.20"]

1. e4 c5 2. Nf3 Nc6 3. d4 cxd4 4. Nxd4 Nf6 5. Nc3 e5 6. Ndb5 d6 7. Bg5 a6 8.
Na3 b5 9. Nd5 Be7 10. Bxf6 Bxf6 11. c3 O-O 12. Nc2 Rb8 13. Be2 Bg5 14. O-O f5
15. Bf3 Kh8 16. Qd3 g6 17. Rfd1 Bb7 18. a4 Na5 19. axb5 Nb3 20. bxa6 fxe4 21.
Qxe4 Nc5 22. Qc4 Bxa6 23. Rxa6 Nxa6 24. Qxa6 Rxb2 25. Nce3 Bxe3 26. Nxe3 e4 27.
Nc4 Rxf2 28. Qxd6 Qxd6 29. Nxd6 R2xf3 30. gxf3 exf3 31. Kf2 g5 32. c4 g4 33.
Rd4 h5 34. Rd5 Ra8 35. Rxh5+ Kg7 36. Rg5+ 1-0

[Event "I Festival A"]
[Site "Assisi ITA"]
[Date "2003.12.20"]
[Round "1"]
[White "Miladinovic, Igor"]
[Black "Calandri, Fausto"]
[Result "1-0"]
[WhiteElo "2599"]
[BlackElo "2115"]
[PlyCount "55"]
[EventDate "2003.12.20"]

1. d4 e6 2. e4 d5 3. Nc3 Bb4 4. Qg4 Nf6 5. Qxg7 Rg8 6. Qh6 c5 7. a3 Rg6 8. Qe3
Ba5 9. Bd2 Nc6 10. Bb5 Ng4 11. Qd3 Bd7 12. exd5 Nxd4 13. Bxd7+ Qxd7 14. Nf3
Bxc3 15. Bxc3 Nxf3+ 16. gxf3 Nf6 17. Bxf6 Rxf6 18. Qc3 Qe7 19. d6 Qd8 20. d7+
Kf8 21. Qxc5+ Qe7 22. Qc8+ Qd8 23. Qc3 Qe7 24. O-O-O Rd8 25. Rhg1 e5 26. Rd5
Rc6 27. Qd2 Qe6 28. Qb4+ 1-0

[Event "I Festival A"]
[Site "Assisi ITA"]
[Date "2003.12.20"]
[Round "1"]
[White "Panella, Fiammetta"]
[Black "Mogranzini, Roberto"]
[Result "0-1"]
[WhiteElo "1741"]
[BlackElo "2172"]
[PlyCount "68"]
[EventDate "2003.12.20"]

1. e4 c5 2. Nc3 e6 3. g3 Nc6 4. Bg2 g6 5. f4 Bg7 6. Nf3 Nge7 7. d3 d6 8. O-O
Rb8 9. Be3 Nd4 10. Rb1 b5 11. Ne2 Nxf3+ 12. Bxf3 Qc7 13. c3 O-O 14. g4 b4 15.
Qd2 f5 16. Ng3 bxc3 17. bxc3 Rxb1 18. Rxb1 fxg4 19. Bxg4 e5 20. Bxc8 Qxc8 21.
fxe5 Bxe5 22. d4 cxd4 23. cxd4 Bxg3 24. hxg3 Qe6 25. Qg2 Nf5 26. Bf2 Qxa2 27.
Rb4 Nh6 28. Be1 Qa1 29. Qe2 Nf7 30. Kg2 a5 31. Rc4 Ng5 32. Bc3 Qb1 33. e5 Nf3
34. Qxf3 Qa2+ 0-1

[Event "I Festival A"]
[Site "Assisi ITA"]
[Date "2003.12.20"]
[Round "1"]
[White "Pizzuto, Samuele Tullio"]
[Black "Epishin, Vladimir V."]
[Result "0-1"]
[WhiteElo "2120"]
[BlackElo "2658"]
[PlyCount "68"]
[EventDate "2003.12.20"]

1. e4 c5 2. Nc3 e6 3. f4 a6 4. Nf3 d5 5. d3 b5 6. Qe2 Be7 7. g3 b4 8. Nd1 dxe4
9. dxe4 Nf6 10. Bg2 a5 11. Nf2 Ba6 12. Nd3 Nc6 13. O-O O-O 14. Rd1 Ra7 15. e5
Nd5 16. Qe4 c4 17. Nf2 Qb6 18. Ng5 Bxg5 19. fxg5 Rc7 20. Bf3 c3 21. b3 Rd8 22.
Kg2 Rcd7 23. Ng4 Bb7 24. Rxd5 exd5 25. Qf4 Qd4 26. Be3 Qxf4 27. Bxf4 Nd4 28.
Bd1 Ne6 29. Be2 d4+ 30. Kf2 Be4 31. Bd3 Bxd3 32. cxd3 a4 33. Rb1 axb3 34. Rxb3
Nc5 0-1

[Event "I Festival A"]
[Site "Assisi ITA"]
[Date "2003.12.20"]
[Round "1"]
[White "Quimi, Marco"]
[Black "Ragonesi, Marcello"]
[Result "1-0"]
[WhiteElo "2248"]
[BlackElo "1988"]
[PlyCount "65"]
[EventDate "2003.12.20"]

1. e4 d5 2. exd5 Qxd5 3. Nc3 Qd6 4. d4 Nf6 5. Nf3 a6 6. Be2 b5 7. a3 Bb7 8. O-O
e6 9. Re1 Be7 10. Ne5 O-O 11. Bf4 Qd8 12. Bf3 Ra7 13. Bxb7 Rxb7 14. Qf3 Qc8 15.
b4 c6 16. Ne4 Nxe4 17. Qxe4 a5 18. c3 Ra7 19. Rad1 Ra6 20. Rd3 Nd7 21. Rh3 Nf6
22. Qf3 Rd8 23. Bg5 Qc7 24. Qd3 axb4 25. axb4 h6 26. Bxh6 gxh6 27. Qg3+ Kh7 28.
Rxh6+ Kxh6 29. Nxf7+ Kh7 30. Qxc7 Rd7 31. Qg3 Ra3 32. Ng5+ Kh6 33. Nxe6 1-0

[Event "I Festival A"]
[Site "Assisi ITA"]
[Date "2003.12.20"]
[Round "1"]
[White "Scivales, Daniel"]
[Black "Tischbierek, Raj"]
[Result "0-1"]
[WhiteElo "2088"]
[BlackElo "2519"]
[PlyCount "68"]
[EventDate "2003.12.20"]

1. d4 Nf6 2. Nf3 d5 3. c4 e6 4. Nc3 Bb4 5. a3 Bxc3+ 6. bxc3 c5 7. Qa4+ Bd7 8.
Qb3 Nc6 9. cxd5 exd5 10. Bg5 c4 11. Qc2 h6 12. Bh4 g5 13. Bg3 Ne4 14. Nd2 Bf5
15. Nxe4 Bxe4 16. Qb2 Qe7 17. f3 Bg6 18. e4 dxe4 19. f4 Rc8 20. h4 O-O 21. hxg5
hxg5 22. fxg5 Qxg5 23. Bh4 Qe3+ 24. Be2 Kg7 25. Rh3 Qf4 26. Bf2 Rh8 27. Be3 Qd6
28. Rxh8 Rxh8 29. Bxc4 Ne7 30. Qf2 Qc7 31. d5 Rh1+ 32. Kd2 Rxa1 33. Bd4+ Kf8
34. Qf6 Qxc4 0-1

[Event "I Festival A"]
[Site "Assisi ITA"]
[Date "2003.12.20"]
[Round "1"]
[White "Skembris, Spyridon"]
[Black "Castrogiovanni, Carlo"]
[Result "1-0"]
[WhiteElo "2439"]
[BlackElo "2068"]
[PlyCount "59"]
[EventDate "2003.12.20"]

1. d4 Nf6 2. Bg5 Ne4 3. Bf4 c5 4. f3 Qa5+ 5. c3 Nf6 6. d5 d6 7. e4 g6 8. Nd2
Bg7 9. a4 Qc7 10. Bb5+ Bd7 11. Ne2 O-O 12. O-O Bxb5 13. axb5 Nbd7 14. Ra2 Qb6
15. Nc4 Qc7 16. Qb3 Nb6 17. Rfa1 Nxc4 18. Qxc4 Qb6 19. Be3 a5 20. b4 Nd7 21.
bxa5 Qa7 22. f4 Bh6 23. Bf2 f5 24. Bh4 Qb8 25. e5 dxe5 26. d6+ Rf7 27. dxe7
exf4 28. Rd1 Qe8 29. Raa1 Ne5 30. Qe6 1-0

[Event "I Festival A"]
[Site "Assisi ITA"]
[Date "2003.12.20"]
[Round "1"]
[White "Stromboli, Carlo"]
[Black "Delizia, Costantino"]
[Result "1-0"]
[WhiteElo "1894"]
[BlackElo "2219"]
[PlyCount "79"]
[EventDate "2003.12.20"]

1. e4 e6 2. d4 d5 3. Nd2 c5 4. Ngf3 Nc6 5. dxc5 Bxc5 6. Nb3 Bb6 7. exd5 exd5 8.
Bg5 Qd6 9. Qd2 Nf6 10. Bd3 Ne4 11. Bxe4 f6 12. Be3 Bxe3 13. fxe3 Be6 14. Rd1
Qb4 15. Qxb4 Nxb4 16. Bd3 Nxd3+ 17. cxd3 Rc8 18. Kf2 b6 19. Nfd4 Bd7 20. Rc1
Ke7 21. Rxc8 Rxc8 22. Rc1 Rxc1 23. Nxc1 Kd6 24. Ncb3 a5 25. e4 g6 26. exd5 Kxd5
27. Ke3 f5 28. Ne2 g5 29. g3 a4 30. Nc3+ Ke5 31. d4+ Kd6 32. Nc1 Bc6 33. Nd3
Be8 34. Ne5 Ke6 35. Nf3 h6 36. d5+ Kf6 37. Kd4 h5 38. Ne5 b5 39. d6 Ke6 40. d7
1-0

[Event "I Festival A"]
[Site "Assisi ITA"]
[Date "2003.12.20"]
[Round "1"]
[White "Stromboli, Ettore"]
[Black "Calisi, Elia"]
[Result "1/2-1/2"]
[WhiteElo "2137"]
[BlackElo "1714"]
[PlyCount "94"]
[EventDate "2003.12.20"]

1. e4 c5 2. Nf3 e6 3. d4 cxd4 4. Nxd4 a6 5. c4 Nc6 6. Be3 Qc7 7. a3 Nf6 8. Nc3
e5 9. Nc2 Na5 10. Qd3 Nb3 11. Nb5 Qa5+ 12. Nc3 Nxa1 13. Nxa1 Be7 14. Be2 O-O
15. O-O d6 16. b4 Qc7 17. Na4 b5 18. cxb5 axb5 19. Nb6 Rb8 20. Rc1 Qb7 21. Nb3
Qxe4 22. Qxe4 Nxe4 23. Bxb5 Be6 24. Na5 Bg5 25. Bd3 Bxe3 26. fxe3 Rxb6 27. Bxe4
d5 28. Bd3 Rc8 29. Rxc8+ Bxc8 30. b5 Rb8 31. a4 e4 32. Bc2 Bd7 33. Nb3 Rc8 34.
Nd4 Ra8 35. Bb3 Bc8 36. Bxd5 Rxa4 37. Bxe4 Rb4 38. Kf2 Bd7 39. Bc6 Bxc6 40.
bxc6 Rc4 41. Kf3 Kf8 42. Ke4 Rc5 43. g4 Ke7 44. Nf5+ Kf8 45. Nd4 Ke7 46. h4 f6
47. Nf5+ Kf8 1/2-1/2

[Event "I Festival A"]
[Site "Assisi ITA"]
[Date "2003.12.20"]
[Round "1"]
[White "Terbonati, Paolo"]
[Black "Sansonetti, Giorgio"]
[Result "0-1"]
[WhiteElo "1572"]
[BlackElo "2123"]
[PlyCount "82"]
[EventDate "2003.12.20"]

1. c4 e6 2. g3 c5 3. Bg2 Nf6 4. e3 Nc6 5. Ne2 b6 6. d4 Bb7 7. O-O Na5 8. Bxb7
Nxb7 9. Nbc3 Be7 10. d5 Nd6 11. dxe6 dxe6 12. b3 Nfe4 13. f3 Nxc3 14. Nxc3 Bf6
15. Bb2 Nf5 16. Qe2 Nxe3 17. Rfe1 Bd4 18. Kh1 O-O 19. Nb5 e5 20. Nxd4 exd4 21.
Qd3 Re8 22. Re2 Qc8 23. Rae1 Qc6 24. Rf2 Re6 25. Kg1 Rae8 26. Ree2 h5 27. f4
Ng4 28. Rxe6 Qxe6 29. Rd2 Qe1+ 30. Kg2 Ne3+ 31. Kh3 Nf1 32. Rg2 Qe6+ 33. f5 Qe4
34. Qxe4 Rxe4 35. Rf2 Ne3 36. f6 Ng4 37. Rd2 Nxf6 38. b4 Re3 39. bxc5 bxc5 40.
Kh4 g5+ 41. Kh3 Ne4 0-1

[Event "I Festival A"]
[Site "Assisi ITA"]
[Date "2003.12.20"]
[Round "1"]
[White "Trombettoni, Andrea"]
[Black "Mrdja, Milan"]
[Result "0-1"]
[WhiteElo "2033"]
[BlackElo "2387"]
[PlyCount "78"]
[EventDate "2003.12.20"]

1. e4 c5 2. Nf3 d6 3. Bb5+ Nd7 4. O-O Ngf6 5. Re1 a6 6. Bf1 Ne5 7. Nxe5 dxe5 8.
d3 e6 9. Kh1 Qc7 10. Qe2 Be7 11. g3 h5 12. h3 g6 13. b3 Nd7 14. Bb2 h4 15. g4
g5 16. Nd2 Nb8 17. Nf3 Nc6 18. c3 Bd7 19. d4 exd4 20. cxd4 cxd4 21. Nxd4 Nxd4
22. Bxd4 O-O 23. Rac1 Bc6 24. Bc5 Rac8 25. Bxe7 Qxe7 26. Kg1 Rfd8 27. Red1 Qf6
28. Qe3 Kg7 29. Bd3 Rd4 30. Bc2 e5 31. f3 Rcd8 32. a4 R8d7 33. Rd3 b5 34. Rcd1
bxa4 35. bxa4 a5 36. Kf2 Rxe4 37. Rd6 Rxd6 38. Rxd6 Rxe3 39. Rxf6 Rc3 0-1

[Event "I Festival A"]
[Site "Assisi ITA"]
[Date "2003.12.21"]
[Round "2"]
[White "Calisi, Elia"]
[Black "Machi', Fabio"]
[Result "0-1"]
[WhiteElo "1714"]
[BlackElo "1951"]
[PlyCount "32"]
[EventDate "2003.12.20"]

1. c4 c6 2. d4 d5 3. e3 Nf6 4. Nc3 e6 5. Nf3 Bd6 6. Bd3 Nbd7 7. O-O O-O 8. Qc2
h6 9. c5 Bc7 10. b4 e5 11. dxe5 Nxe5 12. Nxe5 Bxe5 13. f4 Bc7 14. e4 dxe4 15.
Nxe4 Nxe4 16. Bxe4 Qd4+ 0-1

[Event "I Festival A"]
[Site "Assisi ITA"]
[Date "2003.12.21"]
[Round "2"]
[White "Caruso, Augusto"]
[Black "Malek, Dellair"]
[Result "1-0"]
[WhiteElo "2247"]
[BlackElo "2130"]
[PlyCount "67"]
[EventDate "2003.12.20"]

1. e4 c5 2. Nf3 Nc6 3. Nc3 g6 4. d4 cxd4 5. Nxd4 Bg7 6. Nb3 Nf6 7. Be2 O-O 8.
O-O d6 9. Re1 Be6 10. Bf1 Rc8 11. Bg5 Re8 12. Nd5 Nd7 13. c3 Nb6 14. Rc1 Ne5
15. Bb5 Nxd5 16. exd5 Bd7 17. Bxd7 Qxd7 18. Nd4 Rc5 19. f4 Rxd5 20. Qb3 Rxd4
21. cxd4 Nc6 22. d5 Nd4 23. Qc4 h6 24. Bh4 Qg4 25. Bg3 h5 26. Rc3 h4 27. h3 Qh5
28. Bf2 b5 29. Qd3 Qxd5 30. Re4 b4 31. Rc1 f5 32. Rxd4 Bxd4 33. Qxd4 Qxd4 34.
Bxd4 1-0

[Event "I Festival A"]
[Site "Assisi ITA"]
[Date "2003.12.21"]
[Round "2"]
[White "Delizia, Costantino"]
[Black "Gambardella, Piero"]
[Result "1-0"]
[WhiteElo "2219"]
[BlackElo "2008"]
[PlyCount "25"]
[EventDate "2003.12.20"]

1. e4 e5 2. Nf3 Nc6 3. Bb5 f5 4. d3 Nf6 5. Qe2 Bc5 6. O-O fxe4 7. dxe4 d6 8.
Qc4 Bd7 9. Nc3 Na5 10. Qe6+ Qe7 11. Bxd7+ Nxd7 12. Qxe7+ Kxe7 13. b4 1-0

[Event "I Festival A"]
[Site "Assisi ITA"]
[Date "2003.12.21"]
[Round "2"]
[White "Drazic, Sinisa"]
[Black "Bentivegna, Francesco"]
[Result "1/2-1/2"]
[WhiteElo "2467"]
[BlackElo "2176"]
[PlyCount "87"]
[EventDate "2003.12.20"]

1. c4 e5 2. Nc3 Bb4 3. Nf3 Bxc3 4. bxc3 d6 5. c5 Nf6 6. cxd6 cxd6 7. g3 O-O 8.
Bg2 Re8 9. O-O Nc6 10. c4 e4 11. Ne1 Be6 12. d3 exd3 13. exd3 d5 14. c5 d4 15.
Bg5 h6 16. Bxf6 Qxf6 17. Rb1 Rab8 18. Qa4 Qe5 19. Rxb7 Rxb7 20. Bxc6 Rb1 21.
Bxe8 Rxe1 22. Bc6 Bh3 23. Bg2 Rxf1+ 24. Kxf1 Bxg2+ 25. Kxg2 Qd5+ 26. Kg1 Qxc5
27. Qe8+ Qf8 28. Qa4 Qc5 29. Qe8+ Qf8 30. Qe5 Qa3 31. Qb8+ Kh7 32. Qb1 Qc3 33.
Kf1 a5 34. a4 Qd2 35. Qb3 f6 36. h4 Qc1+ 37. Ke2 Qc5 38. Qc4 Qb6 39. h5 Qb2+
40. Kd1 Qxf2 41. Qb5 Qxg3 42. Qf5+ Kh8 43. Qc8+ Kh7 44. Qf5+ 1/2-1/2

[Event "I Festival A"]
[Site "Assisi ITA"]
[Date "2003.12.21"]
[Round "2"]
[White "Epishin, Vladimir V."]
[Black "Quimi, Marco"]
[Result "1-0"]
[WhiteElo "2658"]
[BlackElo "2248"]
[PlyCount "95"]
[EventDate "2003.12.20"]

1. d4 Nf6 2. c4 c6 3. Nc3 d5 4. Nf3 dxc4 5. a4 Bf5 6. Nh4 e6 7. Nxf5 exf5 8. e3
Bb4 9. Bxc4 O-O 10. Qc2 g6 11. O-O Nbd7 12. Ba2 Qc7 13. f3 Rae8 14. Qf2 Qd6 15.
Bd2 Nd5 16. e4 Bxc3 17. bxc3 fxe4 18. fxe4 Rxe4 19. Bh6 N7f6 20. Bxf8 Qxf8 21.
Rae1 Rf4 22. Qb2 Rxf1+ 23. Rxf1 Qe7 24. c4 Nb4 25. Bb3 a5 26. h3 h5 27. Qd2 Ne4
28. Qe3 f5 29. c5+ Kg7 30. Rd1 Qc7 31. Re1 h4 32. Rf1 Qd8 33. Rf4 Qf6 34. Rf1
Qd8 35. Re1 Qc7 36. Re2 Qd8 37. Ba2 b6 38. cxb6 Qxb6 39. Rb2 Qd8 40. Bb1 Nd5
41. Rb7+ Kf6 42. Qh6 Ne7 43. Qxh4+ Ng5 44. Ba2 Nd5 45. Bxd5 cxd5 46. Qf4 Nf7
47. Qb8 Qxb8 48. Rxb8 1-0

[Event "I Festival A"]
[Site "Assisi ITA"]
[Date "2003.12.21"]
[Round "2"]
[White "Esposito, Luca"]
[Black "Lazarev, Vladimir"]
[Result "0-1"]
[WhiteElo "2202"]
[BlackElo "2526"]
[PlyCount "60"]
[EventDate "2003.12.20"]

1. d4 Nf6 2. c4 c5 3. d5 e6 4. Nc3 exd5 5. cxd5 Bd6 6. Nf3 O-O 7. g3 Re8 8. Bg2
Bc7 9. O-O d6 10. Re1 a6 11. a4 Nbd7 12. h3 Rb8 13. Qd3 Nf8 14. Nh4 Bd7 15. e4
b5 16. axb5 axb5 17. b4 cxb4 18. Ne2 Bb6 19. Nd4 Nxd5 20. Ndf5 Qf6 21. Bd2 Nc3
22. Qxd6 Qxd6 23. Nxd6 Red8 24. e5 Be6 25. Nf3 h6 26. Rac1 Nd7 27. Bxc3 bxc3
28. Nxb5 Nc5 29. Bf1 Nb3 30. Rc2 Ba5 0-1

[Event "I Festival A"]
[Site "Assisi ITA"]
[Date "2003.12.21"]
[Round "2"]
[White "Farachi, Francesco"]
[Black "Bonghi, Alessandro"]
[Result "1-0"]
[WhiteElo "2094"]
[BlackElo "1830"]
[PlyCount "87"]
[EventDate "2003.12.20"]

1. e4 c5 2. Nf3 e6 3. d4 cxd4 4. Nxd4 a6 5. Nc3 Qc7 6. Be3 Nc6 7. Be2 Nf6 8.
O-O b5 9. Nxc6 dxc6 10. f4 Bb7 11. Bf3 Bb4 12. Qe1 c5 13. e5 Ne4 14. Bxe4 Bxe4
15. Qg3 Bxc3 16. bxc3 O-O 17. Qf2 Rac8 18. a4 b4 19. c4 f6 20. exf6 Rxf6 21.
Rae1 Rg6 22. g3 Bb7 23. h4 Qc6 24. Kh2 Rf6 25. Bc1 Rf7 26. Bb2 Rd7 27. Re5 Rcd8
28. Rxc5 Qxa4 29. Kh3 Rd2 30. Qe3 Bg2+ 31. Kg4 Qxc2 32. Qxe6+ Kh8 33. Bxg7+
Kxg7 34. Rg5+ Qg6 35. Rxg6+ hxg6 36. Qe7+ Kh6 37. Rf2 Rxf2 38. Qg5+ Kh7 39.
Qxd8 b3 40. Qe7+ Kh6 41. Qf8+ Kh7 42. Kg5 b2 43. Qf7+ Kh8 44. Kh6 1-0

[Event "I Festival A"]
[Site "Assisi ITA"]
[Date "2003.12.21"]
[Round "2"]
[White "Frigieri, Fabrizio"]
[Black "Panella, Fiammetta"]
[Result "1-0"]
[WhiteElo "2082"]
[BlackElo "1741"]
[PlyCount "79"]
[EventDate "2003.12.20"]

1. e4 c5 2. Nf3 e6 3. d4 cxd4 4. Nxd4 a6 5. c4 Nf6 6. Bd3 Nc6 7. Nc2 Qc7 8. O-O
Ne5 9. Qe2 b6 10. Nc3 Bb7 11. Bd2 Rc8 12. b3 Be7 13. Rac1 Nxd3 14. Qxd3 Ng4 15.
Qh3 h5 16. Ne3 Nxe3 17. Bxe3 g5 18. Bd4 e5 19. Be3 g4 20. Qg3 Rg8 21. Bd2 h4
22. Qd3 g3 23. fxg3 hxg3 24. Nd5 gxh2+ 25. Kh1 Bxd5 26. cxd5 Qb7 27. Rxc8+ Qxc8
28. d6 Bg5 29. Qd5 Bf4 30. Bxf4 exf4 31. Qe5+ Kf8 32. Qe7+ Kg7 33. Qg5+ Kf8 34.
Qxf4 Rg7 35. Rc1 Qe8 36. Rc3 Kg8 37. Rh3 Rh7 38. Qg5+ Rg7 39. Qh6 f6 40. Qxf6
1-0

[Event "I Festival A"]
[Site "Assisi ITA"]
[Date "2003.12.21"]
[Round "2"]
[White "Korneev, Oleg"]
[Black "Di Caro, Calogero"]
[Result "1-0"]
[WhiteElo "2559"]
[BlackElo "2221"]
[PlyCount "55"]
[EventDate "2003.12.20"]

1. e4 e6 2. d4 d5 3. Nd2 Be7 4. e5 c5 5. Qg4 Kf8 6. dxc5 Nc6 7. Ndf3 f6 8. Bf4
Bxc5 9. Bd3 Qb6 10. Nh3 Qb4+ 11. c3 Qxb2 12. O-O Qxc3 13. Rfd1 f5 14. Qg3 Nge7
15. Rac1 Qa5 16. Bd2 Bb4 17. Bxb4 Qxb4 18. Nf4 h6 19. Rb1 Qa5 20. Nh4 Kf7 21.
Nhg6 Rd8 22. Bb5 a6 23. Bxc6 Nxc6 24. Nh5 Qc7 25. Rb3 Kg8 26. Qh4 Qf7 27. Rg3
Kh7 28. Ngf4 1-0